000 00268nam a22001217a 4500
008 180803b xxu||||| |||| 00| 0 eng d
082 _a813.52
245 _aEvolve select
_cELSEVIER
260 _c2007
300 _a6
_fCD
440 _x9781416045830
942 _2ddc
_cMX
999 _c46777
_d46777